[Event "7.Open inter.Ch.of Vojvodina 2016"]
[Site "Novi Sad - Master Centar, Hajd"]
[Date "2016.07.17"]
[Round "4.16"]
[White "Kovacevic, Goran B"]
[Black "Saric, Sinisa"]
[Result "1-0"]
[WhiteElo "2108"]
[BlackElo "2435"]
[PlyCount "55"]
[EventDate "2016.07.15"]

1. d4 Nf6 2. c4 g6 3. Nc3 Bg7 4. Bg5 h6 5. Bh4 c5 6. d5 Qa5 7. Qd2 d6 8. e4 O-O
9. f4 a6 10. h3 b5 11. Bd3 bxc4 12. Bxc4 Qb4 13. Bd3 e6 14. dxe6 Bxe6 15. Nf3
Nc6 16. O-O c4 17. Be2 Rab8 18. Rab1 Rfe8 19. a3 Qb6+ 20. Kh1 Ne7 21. f5 gxf5
22. Bxf6 Bxf6 23. Qxh6 Bg7 24. Qh5 f4 25. Ng5 d5 26. Rxf4 d4 27. Rbf1 dxc3 28.
Qh7+ 1-0

[Event "7.Open inter.Ch.of Vojvodina 2016"]
[Site "Novi Sad - Master Centar, Hajd"]
[Date "2016.07.17"]
[Round "4.17"]
[White "Mikheev, Stanislav"]
[Black "Markov, Ziva"]
[Result "1-0"]
[WhiteElo "2327"]
[BlackElo "2099"]
[PlyCount "101"]
[EventDate "2016.07.15"]

1. d4 d5 2. c4 c6 3. Nf3 Nf6 4. cxd5 cxd5 5. Nc3 Nc6 6. Bf4 Bf5 7. e3 e6 8. Qb3
Bb4 9. Bb5 Qa5 10. O-O Bxc3 11. bxc3 O-O 12. Bxc6 bxc6 13. Qb4 Qb6 14. Nd2 Rfc8
15. Nb3 Nd7 16. Bd6 a5 17. Qxb6 Nxb6 18. Nd2 Bd3 19. Rfd1 Nc4 20. Nxc4 dxc4 21.
Rd2 Rd8 22. Bg3 Rd5 23. a4 c5 24. Rb2 cxd4 25. exd4 h6 26. Raa2 Kh7 27. f3 Ra7
28. Rb5 Rdd7 29. Rab2 f6 30. Kf2 Rd5 31. Ke3 Bg6 32. Rb8 e5 33. Rd2 exd4+ 34.
Rxd4 Rxd4 35. Kxd4 Bc2 36. Kxc4 Bxa4 37. Bd6 Bd1 38. Kb5 a4 39. Ba3 Rc7 40. Bb4
Bb3 41. Rd8 a3 42. Bxa3 Rxc3 43. Kb4 Rc2 44. Kxb3 Rxg2 45. Bd6 Rf2 46. Kc4 Rxf3
47. Rd7 Kg8 48. Kd4 Rf1 49. Ra7 Rd1+ 50. Kc5 f5 51. Be5 1-0

[Event "7.Open inter.Ch.of Vojvodina 2016"]
[Site "Novi Sad - Master Centar, Hajd"]
[Date "2016.07.17"]
[Round "4.18"]
[White "Besedes, Danilo"]
[Black "Grcic, Vukasin"]
[Result "1-0"]
[WhiteElo "2306"]
[BlackElo "2095"]
[PlyCount "111"]
[EventDate "2016.07.15"]

1. d4 d5 2. Bf4 Nf6 3. Nf3 c5 4. e3 Nc6 5. c3 Qb6 6. Qb3 c4 7. Qc2 Bf5 8. Qc1
h6 9. Nbd2 e6 10. h3 Be7 11. Be2 O-O 12. O-O Rfc8 13. Bd1 Qd8 14. Bc2 Bxc2 15.
Qxc2 Bd6 16. Bxd6 Qxd6 17. e4 Nxe4 18. Nxe4 dxe4 19. Qxe4 b5 20. a3 Rab8 21.
Rad1 Ne7 22. Ne5 Nd5 23. f4 f5 24. Qe2 Nf6 25. Rde1 Ne4 26. Qh5 Qe7 27. Re3 Qe8
28. Qxe8+ Rxe8 29. Rd1 Rbd8 30. g4 Rd6 31. Kg2 Nf6 32. Kg3 g5 33. Re2 gxf4+ 34.
Kxf4 fxg4 35. hxg4 Nd5+ 36. Kg3 Rf8 37. Rh1 Kg7 38. Reh2 Ne3 39. Re2 Nd5 40.
Reh2 Ne3 41. Rf2 Rxf2 42. Kxf2 Nd5 43. Rxh6 Kxh6 44. Nf7+ Kg6 45. Nxd6 a6 46.
a4 Nf4 47. axb5 axb5 48. Ke3 Nd5+ 49. Ke4 Nc7 50. Kf4 Kf6 51. Ke4 Ke7 52. Ke5
Nd5 53. g5 b4 54. g6 bxc3 55. bxc3 Nxc3 56. g7 1-0

[Event "7.Open inter.Ch.of Vojvodina 2016"]
[Site "Novi Sad - Master Centar, Hajd"]
[Date "2016.07.17"]
[Round "4.19"]
[White "Manojlovic, Sava"]
[Black "Desnica, Vladan"]
[Result "0-1"]
[WhiteElo "2097"]
[BlackElo "2261"]
[PlyCount "92"]
[EventDate "2016.07.15"]

1. d4 Nf6 2. Nf3 b6 3. g3 Bb7 4. Bg2 e6 5. O-O c5 6. c3 Be7 7. Nbd2 O-O 8. Re1
d5 9. Ne5 Nc6 10. Nxc6 Bxc6 11. Nc4 Rc8 12. Ne5 Qc7 13. Bg5 Rfd8 14. Nxc6 Qxc6
15. Bxf6 Bxf6 16. e3 cxd4 17. exd4 b5 18. a3 a5 19. Qd2 Qc4 20. Red1 h6 21. Bf1
Qb3 22. Bd3 b4 23. axb4 axb4 24. Rdc1 Rc7 25. Bc2 Qc4 26. Ra4 Bg5 27. f4 Be7
28. Bd3 bxc3 29. Qc2 cxb2 30. Bxc4 bxc1=Q+ 31. Qxc1 Rdc8 32. Qc3 Rxc4 33. Rxc4
Rxc4 34. Qb2 g6 35. Kg2 Bf6 36. g4 Kg7 37. Qb7 Rxd4 38. Kf3 Rd2 39. h3 Rb2 40.
Qd7 Rb3+ 41. Kg2 d4 42. h4 d3 43. g5 hxg5 44. hxg5 Ba1 45. Kf1 Rb1+ 46. Kg2 d2
0-1

[Event "7.Open inter.Ch.of Vojvodina 2016"]
[Site "Novi Sad - Master Centar, Hajd"]
[Date "2016.07.17"]
[Round "4.20"]
[White "Milosavac, Ljubomir"]
[Black "Pavkov, Nebojsa"]
[Result "1-0"]
[WhiteElo "2094"]
[BlackElo "2246"]
[PlyCount "71"]
[EventDate "2016.07.15"]

1. e4 Nf6 2. Nc3 d6 3. d4 g6 4. Bg5 Nbd7 5. Qd2 h6 6. Be3 Ng4 7. Nf3 Bg7 8. h3
Nxe3 9. fxe3 O-O 10. Bc4 a6 11. O-O e6 12. a4 b6 13. Rf2 Bb7 14. Raf1 Kh7 15.
Bd3 e5 16. Bc4 f6 17. h4 h5 18. Nh2 Bh6 19. Qe2 c6 20. g4 b5 21. Be6 b4 22. Nd1
Qe8 23. Bxd7 Qxd7 24. gxh5 a5 25. hxg6+ Kg7 26. c4 bxc3 27. bxc3 Ba6 28. c4 Qh3
29. Ng4 Bxc4 30. Qxc4 Qxg4+ 31. Rg2 Qxe4 32. Qe6 Bxe3+ 33. Nxe3 Qxe3+ 34. Kh2
Ra7 35. Rf5 exd4 36. Qxd6 1-0

[Event "7.Open inter.Ch.of Vojvodina 2016"]
[Site "Novi Sad - Master Centar, Hajd"]
[Date "2016.07.17"]
[Round "5.1"]
[White "Kovacevic, Aleksandar"]
[Black "Dimitrov, Vladimir"]
[Result "1/2-1/2"]
[WhiteElo "2515"]
[BlackElo "2413"]
[PlyCount "32"]
[EventDate "2016.07.15"]

1. e4 c5 2. Nf3 e6 3. d4 cxd4 4. Nxd4 Nc6 5. Nc3 a6 6. Be2 Qc7 7. O-O Nf6 8.
Be3 d6 9. f4 Be7 10. a4 O-O 11. Kh1 Re8 12. Bf3 Na5 13. Nde2 Rb8 14. Ba7 Ra8
15. Be3 Rb8 16. Ba7 Ra8 1/2-1/2

[Event "7.Open inter.Ch.of Vojvodina 2016"]
[Site "Novi Sad - Master Centar, Hajd"]
[Date "2016.07.17"]
[Round "5.2"]
[White "Obodchuk, Andrei"]
[Black "Markovic, Miroslav"]
[Result "1-0"]
[WhiteElo "2395"]
[BlackElo "2469"]
[PlyCount "63"]
[EventDate "2016.07.15"]

1. e4 c5 2. Nf3 d6 3. d4 cxd4 4. Nxd4 Nf6 5. Nc3 Bd7 6. f3 a6 7. Be3 e6 8. Qd2
Nc6 9. g4 h6 10. O-O-O Rc8 11. Kb1 Ne5 12. h4 b5 13. a3 g6 14. Rg1 Nc4 15. Bxc4
Rxc4 16. g5 hxg5 17. hxg5 Ng8 18. Rh1 Rxh1 19. Rxh1 Bg7 20. Nde2 Qb8 21. Qd3
Qc7 22. Bd4 Bxd4 23. Nxd4 Qc5 24. Nb3 Qe5 25. Qd2 Qg3 26. f4 d5 27. Na5 b4 28.
axb4 Rxb4 29. Nxd5 Rxe4 30. Nf6+ Nxf6 31. Rh8+ Ke7 32. Nc6+ 1-0

[Event "7.Open inter.Ch.of Vojvodina 2016"]
[Site "Novi Sad - Master Centar, Hajd"]
[Date "2016.07.17"]
[Round "5.3"]
[White "Kumic, Filip"]
[Black "Dobrov, Vladimir"]
[Result "0-1"]
[WhiteElo "2312"]
[BlackElo "2505"]
[PlyCount "98"]
[EventDate "2016.07.15"]

1. d4 Nf6 2. Nf3 e6 3. c4 d5 4. g3 dxc4 5. Qa4+ Nbd7 6. Bg2 a6 7. Qxc4 b5 8.
Qc6 Rb8 9. Bf4 Nd5 10. Bg5 Be7 11. Bxe7 Qxe7 12. O-O Bb7 13. Qc2 c5 14. dxc5
Nxc5 15. Nc3 Nb4 16. Qd2 O-O 17. Qf4 Nc6 18. Rfd1 b4 19. Ne4 e5 20. Qe3 Nxe4
21. Qxe4 Nd4 22. Qd3 Nxf3+ 23. exf3 Rfd8 24. Qe3 Qf6 25. a3 bxa3 26. bxa3 h5
27. h4 Bd5 28. Re1 Re8 29. f4 Bxg2 30. Kxg2 exf4 31. Qxe8+ Rxe8 32. Rxe8+ Kh7
33. Rae1 Qc6+ 34. Kh3 Qf3 35. R8e4 Qxf2 36. gxf4 f5 37. R4e3 a5 38. R1e2 Qxf4
39. Rg3 Qf1+ 40. Reg2 Qh1+ 41. Rh2 Qb7 42. Rf2 g6 43. Rgf3 Kg7 44. Kg3 Qc7+ 45.
Kh3 Qd6 46. Kg2 Qe7 47. Kh3 Qe1 48. Kg2 Qe4 49. Rb2 Qxh4 0-1

[Event "7.Open inter.Ch.of Vojvodina 2016"]
[Site "Novi Sad - Master Centar, Hajd"]
[Date "2016.07.17"]
[Round "5.4"]
[White "Fang, Yuxiang"]
[Black "Leskur, Dejan"]
[Result "1/2-1/2"]
[WhiteElo "2494"]
[BlackElo "2392"]
[PlyCount "65"]
[EventDate "2016.07.15"]

1. d4 g6 2. c4 Bg7 3. e4 c5 4. d5 d6 5. Nc3 Nf6 6. h3 O-O 7. Nf3 e6 8. Bd3 exd5
9. exd5 a6 10. a4 Nfd7 11. O-O Ne5 12. Nxe5 Bxe5 13. Bh6 Bg7 14. Qd2 Nd7 15.
Bxg7 Kxg7 16. Ne4 Nf6 17. Qc3 Bf5 18. Nxf6 Qxf6 19. Bxf5 gxf5 20. Ra3 Rae8 21.
Rc1 Qxc3 22. Rcxc3 Re1+ 23. Kh2 Re2 24. Rab3 Rxf2 25. Rxb7 Kf6 26. Kg3 Rd2 27.
Kf3 Rg8 28. g3 h5 29. h4 Rg4 30. Rd7 f4 31. gxf4 Rxh4 32. Ke3 Rhh2 33. Rd3
1/2-1/2

[Event "7.Open inter.Ch.of Vojvodina 2016"]
[Site "Novi Sad - Master Centar, Hajd"]
[Date "2016.07.17"]
[Round "5.5"]
[White "Minko, Vladimir"]
[Black "Pikula, Dejan"]
[Result "1/2-1/2"]
[WhiteElo "2379"]
[BlackElo "2434"]
[PlyCount "26"]
[EventDate "2016.07.15"]

1. d4 Nf6 2. c4 e6 3. g3 d5 4. Nf3 Bb4+ 5. Bd2 Be7 6. Bg2 O-O 7. O-O c6 8. Qc2
b6 9. Bf4 Bb7 10. Rd1 Nbd7 11. Nc3 Nh5 12. Bd2 Nhf6 13. Bf4 Nh5 1/2-1/2

[Event "7.Open inter.Ch.of Vojvodina 2016"]
[Site "Novi Sad - Master Centar, Hajd"]
[Date "2016.07.17"]
[Round "5.6"]
[White "Cabarkapa, Novak"]
[Black "Sredojevic, Ivan"]
[Result "0-1"]
[WhiteElo "2424"]
[BlackElo "2342"]
[PlyCount "52"]
[EventDate "2016.07.15"]

1. e4 c6 2. d4 d6 3. Nc3 Nd7 4. f4 e5 5. Nf3 Qc7 6. Bc4 h6 7. a4 Ngf6 8. Ba2
Be7 9. O-O O-O 10. Kh1 exd4 11. Qxd4 d5 12. exd5 Bc5 13. Qd3 Nb6 14. dxc6 bxc6
15. Ne5 Nbd5 16. Nxd5 cxd5 17. Bxd5 Nxd5 18. Qxd5 Ba6 19. Nd3 Bb6 20. Bd2 Bb7
21. Qe5 Qxc2 22. Qc3 Rac8 23. Qxc2 Rxc2 24. Rfd1 Rd8 25. Rac1 Rxd2 26. Rxd2 Be3
0-1

[Event "7.Open inter.Ch.of Vojvodina 2016"]
[Site "Novi Sad - Master Centar, Hajd"]
[Date "2016.07.17"]
[Round "5.7"]
[White "Atalik, Suat"]
[Black "Cengija, Vanja"]
[Result "1-0"]
[WhiteElo "2564"]
[BlackElo "2252"]
[PlyCount "58"]
[EventDate "2016.07.15"]

1. c4 e5 2. Nc3 Nc6 3. e3 Nf6 4. Nf3 d6 5. d4 Be7 6. d5 Nb8 7. e4 a5 8. h3 Na6
9. Be3 O-O 10. Bd3 b6 11. a3 Nc5 12. Bc2 Ne8 13. b4 Nd7 14. Ba4 axb4 15. axb4
g6 16. g4 Ng7 17. Rg1 Kh8 18. Bh6 Nf6 19. Bc6 Rxa1 20. Qxa1 Bd7 21. Ke2 Ng8 22.
Qc1 Nxh6 23. Bxd7 Ng8 24. Bc6 f5 25. Qe3 Qc8 26. Ra1 fxg4 27. Ng1 gxh3 28. Qxh3
Qxh3 29. Nxh3 g5 1-0

[Event "7.Open inter.Ch.of Vojvodina 2016"]
[Site "Novi Sad - Master Centar, Hajd"]
[Date "2016.07.17"]
[Round "5.8"]
[White "Rogac, Srdjan"]
[Black "Jocev, Milan"]
[Result "1-0"]
[WhiteElo "2408"]
[BlackElo "2181"]
[PlyCount "71"]
[EventDate "2016.07.15"]

1. Nf3 Nf6 2. c4 g6 3. b4 Bg7 4. Bb2 d6 5. g3 O-O 6. Bg2 e5 7. O-O Ne8 8. Qb3
h6 9. Nc3 a5 10. a3 Nc6 11. b5 Ne7 12. d4 exd4 13. Na4 c5 14. bxc6 bxc6 15.
Bxd4 Be6 16. Bxg7 Nxg7 17. Nd4 Rb8 18. Qd3 Qc7 19. Rfd1 Rfd8 20. Rab1 Rxb1 21.
Rxb1 Rb8 22. Rxb8+ Qxb8 23. Nxc6 Qc7 24. Nxe7+ Qxe7 25. Nc3 Ne8 26. Nd5 Bxd5
27. Bxd5 Kh7 28. Qd2 Qc7 29. Qf4 Kg7 30. Qd4+ Kg8 31. Qe4 Kf8 32. Qe3 h5 33.
Qh6+ Ke7 34. Qh7 Kf8 35. Qh8+ Ke7 36. Qg8 1-0

[Event "7.Open inter.Ch.of Vojvodina 2016"]
[Site "Novi Sad - Master Centar, Hajd"]
[Date "2016.07.17"]
[Round "5.9"]
[White "Nemec, Vjekoslav"]
[Black "Drazic, Sinisa"]
[Result "0-1"]
[WhiteElo "2181"]
[BlackElo "2402"]
[PlyCount "72"]
[EventDate "2016.07.15"]

1. e4 Nf6 2. e5 Nd5 3. d4 d6 4. Nf3 c6 5. Be2 Bg4 6. c4 Nb6 7. Ng5 Bxe2 8. Qxe2
h6 9. Nf3 dxe5 10. dxe5 e6 11. O-O N8d7 12. Nc3 Qc7 13. Bf4 g5 14. Bg3 Bg7 15.
Rfe1 O-O-O 16. b4 Kb8 17. a4 g4 18. Nh4 h5 19. f4 gxf3 20. Nxf3 h4 21. Bf2 Rh5
22. a5 Nc8 23. Bd4 c5 24. Nb5 Qc6 25. bxc5 Nxc5 26. Qe3 Bh6 27. Qa3 Bf8 28. Qe3
a6 29. Nd6 Nxd6 30. exd6 h3 31. Rab1 Bxd6 32. Rb6 Qc7 33. Ne5 Bxe5 34. Bxe5
Rxe5 35. Qxe5 Qxe5 36. Rxe5 Rd1+ 0-1

[Event "7.Open inter.Ch.of Vojvodina 2016"]
[Site "Novi Sad - Master Centar, Hajd"]
[Date "2016.07.17"]
[Round "5.10"]
[White "Blazeka, Matej"]
[Black "Pucarevic, Milenko"]
[Result "1-0"]
[WhiteElo "2328"]
[BlackElo "2173"]
[PlyCount "83"]
[EventDate "2016.07.15"]

1. e4 g6 2. d4 Bg7 3. Nc3 b6 4. Be3 Bb7 5. Qd2 d6 6. f3 Nd7 7. h4 h6 8. Nge2 e6
9. d5 e5 10. h5 a6 11. Nc1 Ndf6 12. hxg6 fxg6 13. a4 Bc8 14. a5 b5 15. N1a2 Nh5
16. Ne2 Bd7 17. Nb4 Nf4 18. c4 g5 19. Nc3 bxc4 20. Bxc4 Qc8 21. g3 Ng6 22. Qd3
g4 23. Bxa6 Rxa6 24. Qxa6 Qb8 25. Qc4 Nf6 26. a6 O-O 27. Nc6 Qa8 28. Nb5 Ne8
29. Bxh6 gxf3 30. Bxg7 f2+ 31. Kf1 Kxg7 32. Qc1 Nf6 33. Nxc7 Qc8 34. Qh6+ Kf7
35. Qxg6+ Kxg6 36. Ne7+ Kg5 37. Nxc8 Nxe4 38. Kg2 Bxc8 39. a7 Bg4 40. Ne6+ Bxe6
41. dxe6 Ra8 42. e7 1-0

[Event "7.Open inter.Ch.of Vojvodina 2016"]
[Site "Novi Sad - Master Centar, Hajd"]
[Date "2016.07.17"]
[Round "5.11"]
[White "Gajcin, Marina"]
[Black "Besedes, Danilo"]
[Result "0-1"]
[WhiteElo "2152"]
[BlackElo "2306"]
[PlyCount "114"]
[EventDate "2016.07.15"]

1. e4 e6 2. d4 d5 3. e5 c5 4. c3 Nc6 5. Nf3 Qb6 6. a3 c4 7. Nbd2 Na5 8. Be2 Bd7
9. O-O Ne7 10. Rb1 Qc7 11. Qc2 Nc8 12. Re1 Nb6 13. Nf1 h6 14. Bf4 O-O-O 15. Bd1
f5 16. h4 Be7 17. h5 Rdg8 18. Bg3 Qd8 19. Qc1 g5 20. hxg6 Rxg6 21. b4 cxb3 22.
Bxb3 Nxb3 23. Rxb3 h5 24. Kh1 h4 25. Bf4 Nc4 26. Ne3 Rhg8 27. Rg1 Qa5 28. Nd2
Nxe3 29. Bxe3 Bg5 30. Bxg5 Rxg5 31. c4 Kb8 32. c5 Ka8 33. Qb2 Bc6 34. Rh3 Rg4
35. f3 Rg3 36. Rxh4 Qd8 37. Rh2 Rh8 38. Rf1 Rxh2+ 39. Kxh2 Qh4+ 40. Kg1 Rg7 41.
Nb3 Bb5 42. Rc1 Rh7 43. Na5 Qh2+ 44. Kf2 Rg7 45. Rg1 Qg3+ 46. Ke3 f4+ 47. Kd2
Qf2+ 48. Kc3 Qe3+ 49. Kb4 Qxg1 50. Kxb5 Rxg2 51. Qb4 Rg8 52. Nxb7 Kxb7 53. c6+
Ka8 54. c7 Qf1+ 55. Ka5 Qc4 56. Qd6 Rc8 57. Qxe6 Qxc7+ 0-1

[Event "7.Open inter.Ch.of Vojvodina 2016"]
[Site "Novi Sad - Master Centar, Hajd"]
[Date "2016.07.17"]
[Round "5.12"]
[White "Todorovic, Nenad I"]
[Black "Djoric, Hadzi Goran"]
[Result "0-1"]
[WhiteElo "2306"]
[BlackElo "2129"]
[PlyCount "62"]
[EventDate "2016.07.15"]

1. e4 c6 2. d4 d5 3. e5 c5 4. Ne2 Nc6 5. c3 Bf5 6. dxc5 e6 7. Be3 Nxe5 8. Nd4
Bg6 9. Bb5+ Nd7 10. b4 Ngf6 11. Bf4 a6 12. Ba4 b5 13. cxb6 Qxb6 14. Nc6 Rc8 15.
Ne5 Bxb1 16. Rxb1 Rxc3 17. O-O Bd6 18. Nxd7 Nxd7 19. Bxd6 Qxd6 20. Qd4 Rc8 21.
Qxg7 Ke7 22. Bxd7 Qxd7 23. Qg5+ Kf8 24. Qh6+ Ke7 25. Qg5+ Kf8 26. Rfc1 Rg8 27.
Rxc8+ Qxc8 28. Qh6+ Rg7 29. Rc1 Qb8 30. Qf6 Kg8 31. Qe5 Rxg2+ 0-1

[Event "7.Open inter.Ch.of Vojvodina 2016"]
[Site "Novi Sad - Master Centar, Hajd"]
[Date "2016.07.17"]
[Round "5.13"]
[White "Jovic, Stevan"]
[Black "Svicevic, Rastko"]
[Result "1-0"]
[WhiteElo "2143"]
[BlackElo "2270"]
[PlyCount "79"]
[EventDate "2016.07.15"]

1. d4 f5 2. c4 Nf6 3. Nc3 e6 4. Qc2 d5 5. Bf4 c6 6. e3 Be7 7. Nf3 O-O 8. Be2
Ne4 9. h3 Nd7 10. Ne5 Bf6 11. Nxd7 Bxd7 12. Nxe4 fxe4 13. O-O-O b5 14. c5 Bg5
15. g3 e5 16. dxe5 Be7 17. h4 Be6 18. Rd4 a5 19. Kb1 g6 20. Ka1 Rf7 21. f3 Qf8
22. fxe4 Bxc5 23. exd5 Bxd5 24. Rxd5 cxd5 25. Bxb5 Bb4 26. e6 Rb7 27. Qc6 Rba7
28. Qxd5 Be7 29. a4 Qd8 30. e4 Qb6 31. Be5 Rd8 32. Bd7 Qc5 33. Qxc5 Bxc5 34. h5
g5 35. Bf6 Rb8 36. Bxg5 Bd4 37. Bb5 h6 38. Bxh6 Rh7 39. Bf4 Rb6 40. Rd1 1-0

[Event "7.Open inter.Ch.of Vojvodina 2016"]
[Site "Novi Sad - Master Centar, Hajd"]
[Date "2016.07.17"]
[Round "5.14"]
[White "Desnica, Vladan"]
[Black "Kovacevic, Goran B"]
[Result "1/2-1/2"]
[WhiteElo "2261"]
[BlackElo "2108"]
[PlyCount "60"]
[EventDate "2016.07.15"]

1. c4 e5 2. Nc3 Nf6 3. Nf3 d6 4. d4 Nbd7 5. e4 c6 6. Be2 Be7 7. O-O O-O 8. Re1
a6 9. a3 b5 10. b4 Bb7 11. Bb2 exd4 12. Nxd4 Ne5 13. f4 Nxc4 14. Bxc4 bxc4 15.
e5 Nd5 16. Nxd5 cxd5 17. Nf5 dxe5 18. Qg4 g6 19. fxe5 Bg5 20. Nd4 Bc8 21. e6 f5
22. Qe2 Qd6 23. Rad1 Bf6 24. Kh1 Ra7 25. Qd2 Re7 26. Bc3 Bxe6 27. b5 Bf7 28.
Rxe7 Bxe7 29. Qh6 Bf6 30. Nxf5 Qd8 1/2-1/2

[Event "7.Open inter.Ch.of Vojvodina 2016"]
[Site "Novi Sad - Master Centar, Hajd"]
[Date "2016.07.17"]
[Round "5.15"]
[White "Milosavac, Ljubomir"]
[Black "Marholev, Dimitar"]
[Result "0-1"]
[WhiteElo "2094"]
[BlackElo "2244"]
[PlyCount "53"]
[EventDate "2016.07.15"]

1. e4 e5 2. Bc4 Nf6 3. d3 Nc6 4. Nc3 Na5 5. Bg5 Nxc4 6. dxc4 Bb4 7. Qd3 h6 8.
Bh4 d6 9. Nge2 Be6 10. O-O g5 11. Bg3 h5 12. f3 Bc5+ 13. Bf2 Bxf2+ 14. Rxf2 h4
15. Nd5 Nh5 16. b4 c6 17. Ne3 Qb6 18. c5 dxc5 19. Qd6 cxb4 20. Qxe5 O-O-O 21.
Nf5 Qc7 22. Qc5 b6 23. Qxb4 Qe5 24. Qc3 Qxc3 25. Nxc3 Rhe8 26. Ne3 f6 27. a4
0-1

[Event "7.Open inter.Ch.of Vojvodina 2016"]
[Site "Novi Sad - Master Centar, Hajd"]
[Date "2016.07.17"]
[Round "5.16"]
[White "Pastar, Slaven"]
[Black "Adamov, Ivan"]
[Result "0-1"]
[WhiteElo "2244"]
[BlackElo "2086"]
[PlyCount "88"]
[EventDate "2016.07.15"]

1. e4 c5 2. Nc3 d6 3. f4 Nc6 4. Nf3 g6 5. Bc4 Bg7 6. O-O e6 7. d3 Nge7 8. Qe1
h6 9. Qh4 a6 10. a3 b5 11. Ba2 Bd7 12. Bd2 b4 13. axb4 cxb4 14. Ne2 Bxb2 15.
Rae1 Qb6+ 16. Kh1 Bg7 17. Ng3 Qc5 18. f5 g5 19. Qh5 Nd8 20. d4 Qxc2 21. Bxe6
Nxe6 22. fxe6 Bxe6 23. Bxb4 O-O 24. Bxd6 Ng6 25. Nf5 Bxf5 26. exf5 Rfd8 27.
fxg6 fxg6 28. Qg4 Rxd6 29. Ne5 Re8 30. Rc1 Qa4 31. Rc4 Qb5 32. Rfc1 Bxe5 33.
dxe5 Qxe5 34. h3 h5 35. Qf3 Kg7 36. Rc7+ Re7 37. R7c5 Qf4 38. Qb3 Rde6 39. Qc3+
Qf6 40. Qb4 Re2 41. Rc8 g4 42. Qc4 Re1+ 43. Rxe1 Rxe1+ 44. Kh2 Qd6+ 0-1

[Event "7.Open inter.Ch.of Vojvodina 2016"]
[Site "Novi Sad - Master Centar, Hajd"]
[Date "2016.07.17"]
[Round "5.17"]
[White "Mladenovic, Aleksandar D"]
[Black "Lundin, Jan"]
[Result "0-1"]
[WhiteElo "2068"]
[BlackElo "2237"]
[PlyCount "58"]
[EventDate "2016.07.15"]

1. d4 d5 2. c4 dxc4 3. Nc3 e5 4. d5 a6 5. a4 Nf6 6. e4 Nbd7 7. Bxc4 Bd6 8. Nf3
Nf8 9. h3 Ng6 10. O-O O-O 11. Be3 Qe7 12. Qc2 h6 13. Rab1 Nh5 14. Ne2 Qf6 15.
Kh2 Nhf4 16. Qd2 Nxh3 17. gxh3 Qxf3 18. Ng3 Nf4 19. Bxf4 exf4 20. Nf5 Bxf5 21.
exf5 Qe4 22. f3 Qxc4 23. f6 g6 24. b3 Qb4 25. Qd3 Be5 26. Rg1 Bxf6 27. Rbc1 Qd6
28. Rg2 Rfe8 29. Rcg1 Bg7 0-1

[Event "7.Open inter.Ch.of Vojvodina 2016"]
[Site "Novi Sad - Master Centar, Hajd"]
[Date "2016.07.17"]
[Round "5.18"]
[White "Aleksic, Aleksandar"]
[Black "Chekletsov, Ilya"]
[Result "0-1"]
[WhiteElo "2053"]
[BlackElo "2223"]
[PlyCount "88"]
[EventDate "2016.07.15"]

1. e3 Nf6 2. d4 e6 3. Bd3 c5 4. c3 d5 5. f4 b6 6. Nf3 g6 7. Nbd2 Bb7 8. Ne5 Bg7
9. Qf3 O-O 10. h4 h5 11. g4 Nbd7 12. g5 Nxe5 13. fxe5 Nd7 14. O-O Rc8 15. Rf2
Nb8 16. Qe2 Nc6 17. Nf1 Ne7 18. Ng3 Nf5 19. Nxf5 exf5 20. Ba6 Bxa6 21. Qxa6 Qd7
22. a4 Rc6 23. Qb5 Ra8 24. a5 a6 25. Qa4 b5 26. Qa2 Rb8 27. Bd2 b4 28. Qa4 b3
29. c4 dxc4 30. Qxc4 cxd4 31. Qxd4 Qe6 32. Bc3 Rb5 33. Qd8+ Kh7 34. e4 fxe4 35.
Raf1 Rd5 36. Qa8 Rd3 37. Rg2 Rf3 38. Qb7 Rxf1+ 39. Kxf1 Bxe5 40. Bxe5 Rc1+ 41.
Kf2 Rc2+ 42. Ke1 Rc1+ 43. Kd2 e3+ 44. Kxc1 Qc4+ 0-1

[Event "7.Open inter.Ch.of Vojvodina 2016"]
[Site "Novi Sad - Master Centar, Hajd"]
[Date "2016.07.17"]
[Round "5.19"]
[White "Titov, Ivan"]
[Black "Popov, Jovan"]
[Result "1-0"]
[WhiteElo "2218"]
[BlackElo "2082"]
[PlyCount "73"]
[EventDate "2016.07.15"]

1. e4 e6 2. d4 d5 3. e5 c5 4. c3 Qb6 5. Nf3 Nc6 6. Bd3 Bd7 7. dxc5 Bxc5 8. O-O
a5 9. Nbd2 Nh6 10. Nb3 Be7 11. Bxh6 gxh6 12. Qd2 a4 13. Nbd4 Nxd4 14. Nxd4 Bg5
15. f4 Be7 16. f5 Bc5 17. fxe6 fxe6 18. Kh1 O-O-O 19. Be2 Rhf8 20. Bf3 Rf7 21.
b3 a3 22. b4 Bxd4 23. cxd4 Rdf8 24. Rac1+ Kb8 25. Rc5 Bb5 26. Rfc1 Bc4 27. b5
Rf4 28. h3 h5 29. Qc3 h4 30. Qxa3 Qa7 31. Qb4 Qxa2 32. R5xc4 dxc4 33. Qd6+ Ka7
34. b6+ Ka6 35. Bxb7+ Kxb7 36. Qc7+ Ka8 37. b7+ 1-0

[Event "7.Open inter.Ch.of Vojvodina 2016"]
[Site "Novi Sad - Master Centar, Hajd"]
[Date "2016.07.17"]
[Round "5.20"]
[White "Jevtic, Miroljub"]
[Black "Ujhazi, Ivan"]
[Result "0-1"]
[WhiteElo "2063"]
[BlackElo "2212"]
[PlyCount "78"]
[EventDate "2016.07.15"]

1. d4 d5 2. Nf3 e6 3. Bf4 Bd6 4. Bg3 Nf6 5. Nbd2 O-O 6. e3 c5 7. c3 Nc6 8. Bd3
Re8 9. Ne5 Bxe5 10. dxe5 Nd7 11. Nf3 Nf8 12. h4 c4 13. Bc2 b5 14. a3 h6 15. Bf4
a5 16. Rh3 f5 17. h5 Rb8 18. Nd4 Nxd4 19. exd4 b4 20. axb4 axb4 21. Qd2 bxc3
22. bxc3 Re7 23. g4 fxg4 24. Rg3 Qe8 25. Rxg4 Qxh5 26. Rg1 Kh8 27. Bd1 Qf7 28.
Bxh6 gxh6 29. Qxh6+ Nh7 30. Bh5 Qf8 31. Qe3 Bd7 32. Bg6 Rg7 33. Rg3 Be8 34. Bc2
Rxg3 35. Qxg3 Qg8 36. Ra7 Bf7 37. Qh4 Bg6 38. Rxh7+ Bxh7 39. Qh3 Rb2 0-1

[Event "7.Open inter.Ch.of Vojvodina 2016"]
[Site "Novi Sad - Master Centar, Hajd"]
[Date "2016.07.18"]
[Round "6.1"]
[White "Dobrov, Vladimir"]
[Black "Obodchuk, Andrei"]
[Result "1/2-1/2"]
[WhiteElo "2505"]
[BlackElo "2395"]
[PlyCount "57"]
[EventDate "2016.07.15"]

1. Nf3 Nf6 2. c4 g6 3. b3 Bg7 4. Bb2 c5 5. g3 b6 6. Bg2 Bb7 7. O-O O-O 8. d4
cxd4 9. Qxd4 d6 10. Nc3 Nbd7 11. Ng5 Bxg2 12. Kxg2 h6 13. Nf3 Qc8 14. Nd5 Re8
15. Rad1 Qb7 16. h4 h5 17. Rfe1 Rad8 18. Kg1 Qc8 19. Ng5 Ne5 20. Qf4 Nxd5 21.
Rxd5 Rf8 22. Red1 Ng4 23. Bxg7 Kxg7 24. Ne4 Qe6 25. Nc3 Qf6 26. Qxf6+ Nxf6 27.
Rb5 Rb8 28. Rd3 Rfc8 29. Rg5 1/2-1/2

[Event "7.Open inter.Ch.of Vojvodina 2016"]
[Site "Novi Sad - Master Centar, Hajd"]
[Date "2016.07.18"]
[Round "6.2"]
[White "Sredojevic, Ivan"]
[Black "Kovacevic, Aleksandar"]
[Result "0-1"]
[WhiteElo "2342"]
[BlackElo "2515"]
[PlyCount "54"]
[EventDate "2016.07.15"]

1. e4 c5 2. Nf3 d6 3. d4 cxd4 4. Nxd4 Nf6 5. Nc3 a6 6. Be2 e6 7. a4 Be7 8. O-O
Nc6 9. Be3 O-O 10. f4 Qc7 11. Bf3 Na5 12. Qd3 Nc4 13. Bc1 e5 14. Nde2 exf4 15.
Nxf4 Be6 16. b3 Ne5 17. Qd2 Rac8 18. Bb2 Qc5+ 19. Kh1 Bd8 20. Nxe6 fxe6 21. Na2
Nxf3 22. gxf3 Qxc2 23. Qxc2 Rxc2 24. Ba3 Ne8 25. Rfc1 Re2 26. Re1 Rxe1+ 27.
Rxe1 Rxf3 0-1